000 00863nas a2200265 4500
001 BR7800409
003 BR-BrBNA
005 20231205083303.0
007 ta
008 230509b bl.|||p| |||| 00| 00por d
040 _aBR-BrBNA
_bpor
_cBiblioteca Nacional de Agricultura
041 _a(Pt)
072 _aL30
100 1 _aZanette, N.H.
100 1 _aNunes, R.V. de O.
245 1 _aObservacoes preliminares do uso de cama de aviario em racoes de recria e terminacao de suinos da raca Duroc [Brasil]
650 _aNUTRICAO ANIMAL
650 _aSUÍNO
650 _aDUROC-JERSEY
650 _aCAMA DE GALINHEIRO
650 _aRACAO
773 0 _tAnuario Tecnico do Instituto de Pesquisas Zootecnicas Francisco Osorio (Brazil)
_xISSN 0100-2546
_g(Jul 1977), v. 4 p. 83-95
_wBR7800409
909 _a202311
_bLúcia
_c55
_dLúcia Elande
942 _2AGRIS
_n0
_cANA
999 _c97737
_d97737